| 000 | 01488nam a2200361 i 4500 | ||
|---|---|---|---|
| 001 | 000030424 | ||
| 003 | DO-SdBNP | ||
| 005 | 20260202134026.0 | ||
| 007 | ta | ||
| 008 | 110517s2011 dr 001 0 spa d | ||
| 020 | _a9789945869347 | ||
| 040 |
_aDO-SdBNP _bspa _cBNPHU _erda |
||
| 041 | _aspa | ||
| 082 | 4 |
_a271.5307293 _bV181c 2011 _222 |
|
| 100 | 1 |
_aValle LLano, Antonio, _eautor _4aut. _957056 |
|
| 245 | 1 | 3 |
_aLa compañía de Jesús en Santo Domingo durante el período hispánico / _cAntonio Valle LLano ; prólogo, Manuel Arturo Peña Batlle ; coordinación y cuidado de edición, José Chez Checo |
| 250 | _aSegunda edición | ||
| 264 | 4 |
_aSanto Domingo, República Dominicana : _bEditora Academia Dominicana de la Historia, _c2011. |
|
| 300 |
_a433 páginas ; _c23 cm. |
||
| 336 |
_atexto _btxt _2rdacontent |
||
| 337 |
_asin mediación _bn _2rdamedia |
||
| 338 |
_avolumen _bnc _2rdacarrier |
||
| 490 |
_aAcademia Dominicana de la Historia ; _v95 |
||
| 500 | _aIncluye índice de personas, lugares, materias y autores. | ||
| 500 | _aIncluye referencias bibliográficas y notas al pie de las páginas. | ||
| 504 | _aBibliografía: páginas 43-48 | ||
| 590 | _aInventariado, 2018/ YL | ||
| 650 | 4 |
_aJesuitas _zRepública Dominicana _957057 |
|
| 700 | 1 |
_aPeña Batlle, Manuel Arturo, _d1902-1952 _eprologuista _4pr. _957058 |
|
| 700 | 1 |
_aChez Checo, José, _ecoordinador y editor _4coord. y ed. _980381 |
|
| 910 | _aValidado. Control de calidad MFF | ||
| 942 |
_2ddc _cLBS1 |
||
| 999 |
_c29916 _d29916 |
||